000
00357 a2200169 4500
001
192548
020
_a
85-15-02822-0
040
_c
Magnum
100
_a
Silva, Marco
240
1
0
_a
Educação online
_l
por
245
1
0
_a
Educação online
300
_a
540
362
0
_a
2006
440
1
_a
Edições Loyola
697
_a
LITERATURA GERAL
942
_c
BK
999
_c
192548
_d
192548